[Event "Prebor mesta Vsetina 2018"]
[Site "?"]
[Date "2018.07.09"]
[Round "7.1"]
[White "Vojta, Tomas"]
[Black "Sosna, Jan"]
[Result "1/2-1/2"]
[WhiteElo "2350"]
[BlackElo "2349"]
[PlyCount "57"]
[EventDate "2018.??.??"]

1.d4 d5 2.Bf4 Nf6 3.e3 g6 4.Nd2 Bg7 5.h3 c5 6.c3 b6 7.Ngf3 O-O 8.Bd3 Bb7 9.O-O
Nc6 10.a3 Nd7 11.Bg3 e5 12.dxe5 Ndxe5 13.Be2 Re8 14.Nxe5 Nxe5 15.Nf3 Nc6 16.
Qa4 Re4 17.Qc2 Qe8 18.Rfe1 Rc8 19.Rad1 h6 20.Bd3 Re7 21.c4 d4 22.e4 Qd7 23.Re2
Rce8 24.Rde1 Re6 25.Qd2 Qe7 26.Bh4 Qd6 27.Bg3 Qe7 28.Bh4 Qd6 29.Bg3 1/2-1/2

[Event "Prebor mesta Vsetina 2018"]
[Site "?"]
[Date "2018.07.09"]
[Round "7.2"]
[White "Koziol, Kamil"]
[Black "Kapusta, Petr"]
[Result "0-1"]
[WhiteElo "2257"]
[BlackElo "2179"]
[PlyCount "54"]
[EventDate "2018.??.??"]

1.e4 c5 2.Nf3 d6 3.d4 cxd4 4.Nxd4 Nf6 5.Nc3 a6 6.f4 e5 7.Nf3 Nbd7 8.a4 Be7 9.
Bd3 O-O 10.O-O exf4 11.Bxf4 Ne5 12.Qe1 Be6 13.Kh1 Nfg4 14.Nd4 Qb6 15.Nf5 Bf6
16.Rb1 Nxd3 17.cxd3 Bxf5 18.Nd5 Qd4 19.Nxf6+ Nxf6 20.exf5 Rfe8 21.Qc3 Qxa4 22.
Bxd6 Rac8 23.Qb4 Qd7 24.Bg3 Rc2 25.Bh4 Qc6 26.Rg1 Ree2 27.Bxf6 Rxg2 0-1

[Event "Prebor mesta Vsetina 2018"]
[Site "?"]
[Date "2018.07.09"]
[Round "7.3"]
[White "Mudrak, Josef"]
[Black "Jasny, Stanislav"]
[Result "1/2-1/2"]
[WhiteElo "2264"]
[BlackElo "2383"]
[PlyCount "49"]
[EventDate "2018.??.??"]

1.d4 Nf6 2.Nf3 e6 3.c4 Bb4+ 4.Bd2 Qe7 5.a3 Bxd2+ 6.Nbxd2 d6 7.e4 e5 8.d5 O-O
9.Bd3 a5 10.O-O Na6 11.b4 Bg4 12.Qb3 Nh5 13.g3 g6 14.Rfe1 Rfb8 15.Bf1 c6 16.
Qc3 axb4 17.axb4 Bxf3 18.Nxf3 c5 19.b5 Nb4 20.Nh4 Nf6 21.f3 Nd7 22.Ng2 Qd8 23.
Ne3 Rxa1 24.Rxa1 Ra8 25.Bh3 1/2-1/2

[Event "Prebor mesta Vsetina 2018"]
[Site "?"]
[Date "2018.07.09"]
[Round "7.4"]
[White "Weinzettl, Ernst"]
[Black "Belunek, Vladimir"]
[Result "1-0"]
[WhiteElo "2213"]
[BlackElo "2212"]
[PlyCount "99"]
[EventDate "2018.??.??"]

1.e4 e5 2.Nf3 Nc6 3.d4 exd4 4.Nxd4 Nf6 5.Nxc6 bxc6 6.Bd3 d5 7.Qe2 Bb4+ 8.Bd2
Qe7 9.exd5 Bxd2+ 10.Nxd2 Qxe2+ 11.Bxe2 cxd5 12.Nb3 O-O 13.O-O-O Rb8 14.Bf3 Be6
15.Rhe1 Rb6 16.Re3 Rfb8 17.Rd4 c6 18.Ra4 a6 19.Nc5 Rxb2 20.Nb3 d4 21.Rd3 R2xb3
22.axb3 c5 23.Rxa6 c4 24.Rxd4 cxb3 25.cxb3 Bxb3 26.Ra8 Rxa8 27.Bxa8 g6 28.Kd2
h5 29.h3 Be6 30.Ke3 Kg7 31.Kf4 Nh7 32.Ke5 Nf6 33.Bc6 Nh7 34.Bd7 Ba2 35.Rf4 Nf8
36.Bb5 g5 37.Ra4 Bb1 38.Kd4 Ne6+ 39.Ke3 Kf6 40.g3 Bf5 41.h4 g4 42.Bc4 Nf8 43.
Ra6+ Kg7 44.Kf4 Bg6 45.Ra7 Kf6 46.Bd5 Nh7 47.Ra6+ Kg7 48.Be4 Nf6 49.Bxg6 fxg6
50.Ra7+ 1-0

[Event "Prebor mesta Vsetina 2018"]
[Site "?"]
[Date "2018.07.09"]
[Round "7.5"]
[White "Mulenko, Alexander"]
[Black "Havelka, Ondrej"]
[Result "1-0"]
[WhiteElo "2109"]
[BlackElo "2124"]
[PlyCount "119"]
[EventDate "2018.??.??"]

1.g3 d5 2.Bg2 e5 3.d4 e4 4.c4 c6 5.Nc3 Bb4 6.Qb3 Na6 7.cxd5 cxd5 8.Bd2 Ne7 9.
Nxe4 dxe4 10.Bxb4 Be6 11.Bxe7 Qxe7 12.Qb5+ Bd7 13.Qxb7 O-O 14.Qxa6 Qb4+ 15.Kf1
Qxb2 16.Re1 Qxd4 17.Qa3 Rab8 18.h4 Rb2 19.Qe3 Qxe3 20.fxe3 f5 21.Rc1 Bb5 22.
Rc5 g6 23.a4 Bxa4 24.Ra5 Bb5 25.Rxa7 Rc8 26.Kf2 Rcc2 27.Bf1 Rc1 28.h5 Rbb1 29.
Bg2 gxh5 30.Rxh5 Rxg1 31.Rg5+ Kf8 32.Rxf5+ Ke8 33.Re5+ Kf8 34.Rb7 Bc6 35.Rxb1
Rxb1 36.Bxe4 Bxe4 37.Rxe4 Kf7 38.Ra4 Kg6 39.Rf4 h5 40.e4 Kg5 41.e5 Rb6 42.Kf3
Rb3+ 43.e3 Rb6 44.Rf8 Rb1 45.Ke4 Rb4+ 46.Kd5 Rb5+ 47.Kd6 Rb6+ 48.Kd7 Rb7+ 49.
Kc6 Rb3 50.e4 Re3 51.Kd6 Rd3+ 52.Kc5 Rc3+ 53.Kd4 Ra3 54.Rg8+ Kh6 55.e6 Kh7 56.
e7 Ra4+ 57.Ke5 Ra5+ 58.Kf6 Ra6+ 59.Kf7 Ra7 60.Rg5 1-0

[Event "Prebor mesta Vsetina 2018"]
[Site "?"]
[Date "2018.07.09"]
[Round "7.6"]
[White "Mica, Marek"]
[Black "Jin, Yueheng"]
[Result "0-1"]
[WhiteElo "2180"]
[BlackElo "1713"]
[PlyCount "152"]
[EventDate "2018.??.??"]

1.d4 d5 2.c4 e6 3.Nc3 Nf6 4.Nf3 Be7 5.Bg5 O-O 6.e3 Nbd7 7.cxd5 exd5 8.Bd3 c6
9.Qc2 Re8 10.O-O Nf8 11.Rab1 g6 12.b4 a6 13.a4 Ne6 14.Bxf6 Bxf6 15.Rfc1 b5 16.
Nd2 Bd7 17.Nb3 Be7 18.Na5 Qb6 19.axb5 axb5 20.Ne2 Rec8 21.Qb3 Kg7 22.Ra1 Nc7
23.e4 Be6 24.Rxc6 Qxc6 25.Nxc6 Rxa1+ 26.Bb1 Bd6 27.Nc3 Ra6 28.Na5 dxe4 29.Qb2
Nd5 30.Nxe4 Bxb4 31.Nb3 Ba3 32.Qd2 Nf6 33.Nec5 Bxb3 34.Nxb3 Rac6 35.Bd3 Rc3
36.Nc5 Rc1+ 37.Bf1 b4 38.g3 Rb8 39.Nb3 Rc3 40.Qd1 Rc6 41.d5 Rd6 42.Bc4 Bb2 43.
Kg2 Rbd8 44.Qe2 Bc3 45.Nc5 Re8 46.Qf3 Rc8 47.Ne4 Nxe4 48.Qxe4 Rb6 49.Bb3 Bf6
50.Qe3 Rb7 51.d6 Rc3 52.Qe4 Rd7 53.Qd5 h6 54.h4 h5 55.Ba4 Rd8 56.d7 Rc7 57.f3
Ra7 58.Bb5 Ra5 59.Qd3 Rb8 60.Bc4 b3 61.Bxb3 Ra3 62.d8=Q Bxd8 63.Qc4 Raxb3 64.
g4 hxg4 65.fxg4 Bxh4 66.Qd4+ Bf6 67.Qd7 R8b5 68.Kf2 Rg5 69.Qd1 Rb4 70.Qd7
Rbxg4 71.Qb7 Rg2+ 72.Ke3 Rb2 73.Qc7 Rb3+ 74.Ke2 Rg2+ 75.Kf1 Ra2 76.Qc1 Ra1 0-1

[Event "Prebor mesta Vsetina 2018"]
[Site "?"]
[Date "2018.07.09"]
[Round "7.7"]
[White "Kersten, Julian"]
[Black "Zvolensky, David"]
[Result "1-0"]
[WhiteElo "1979"]
[BlackElo "2040"]
[PlyCount "61"]
[EventDate "2018.??.??"]

1.d4 Nf6 2.Bg5 Ne4 3.Bf4 c5 4.f3 Qa5+ 5.c3 Nf6 6.d5 d6 7.e4 Nbd7 8.Nh3 g6 9.
Qd2 b5 10.Nf2 Nb6 11.b3 b4 12.c4 Bg7 13.e5 O-O 14.Nd3 Nbd7 15.a4 Nh5 16.Bh6
Nxe5 17.Bxg7 Nxd3+ 18.Bxd3 Nxg7 19.Na3 e5 20.O-O-O Bd7 21.Nc2 Bxa4 22.bxa4
Qxa4 23.Kb2 a5 24.Ra1 Qd7 25.Ne3 a4 26.Rab1 Ne8 27.h4 Nc7 28.h5 b3 29.Ka3 Na6
30.Nf5 gxf5 31.Qg5+ 1-0

[Event "Prebor mesta Vsetina 2018"]
[Site "?"]
[Date "2018.07.09"]
[Round "7.8"]
[White "Mostek, Jan"]
[Black "Matejovsky, Ondrej"]
[Result "1/2-1/2"]
[WhiteElo "1810"]
[BlackElo "2028"]
[PlyCount "91"]
[EventDate "2018.??.??"]

1.d4 Nf6 2.Bf4 g6 3.e3 Bg7 4.Nf3 O-O 5.Be2 d6 6.O-O Nbd7 7.h3 Qe8 8.c3 e5 9.
dxe5 dxe5 10.Bh2 b6 11.Na3 Bb7 12.Nb5 Qe7 13.Nxc7 Rad8 14.Nb5 Nc5 15.Qc1 Nfe4
16.Na3 Ng5 17.Rd1 Nxf3+ 18.Bxf3 Bxf3 19.gxf3 Ne6 20.Rxd8 Rxd8 21.Qf1 f5 22.Rd1
Qg5+ 23.Kh1 f4 24.Rxd8+ Qxd8 25.Qc4 Kf7 26.exf4 exf4 27.Kg2 Qg5+ 28.Kf1 Qf5
29.Kg2 Bf6 30.Nb5 Qg5+ 31.Kf1 Qc5 32.Qxc5 bxc5 33.Nxa7 g5 34.Nb5 Ke7 35.Na3
Kd6 36.Nc4+ Kd5 37.Nb6+ Kc6 38.Nc4 Ng7 39.h4 h6 40.Ke2 Kd5 41.Nb6+ Kc6 42.Nc4
Kd5 43.Nb6+ Kc6 44.Nc4 Kd5 45.hxg5 hxg5 46.Nb6+ 1/2-1/2

[Event "Prebor mesta Vsetina 2018"]
[Site "?"]
[Date "2018.07.09"]
[Round "7.9"]
[White "Hurtak, Otto"]
[Black "Engert, Marvin"]
[Result "0-1"]
[WhiteElo "1958"]
[BlackElo "2005"]
[PlyCount "80"]
[EventDate "2018.??.??"]

1.d4 Nf6 2.c4 g6 3.Nc3 Bg7 4.e4 d6 5.Nge2 O-O 6.Ng3 Nbd7 7.Be2 e5 8.d5 Ne8 9.
h4 f5 10.Bg5 Bf6 11.Bxf6 Qxf6 12.exf5 gxf5 13.Qd2 a5 14.O-O-O Nc5 15.Qg5+ Kh8
16.Qxf6+ Nxf6 17.Nh5 Nfe4 18.Nxe4 Nxe4 19.Rdf1 f4 20.f3 Nc5 21.g4 a4 22.Kd2 b6
23.Bd3 Ba6 24.g5 Nd7 25.Rfg1 Rg8 26.b3 Raf8 27.Rh2 Bc8 28.Rhg2 Nc5 29.g6 hxg6
30.Bxg6 axb3 31.axb3 Nxb3+ 32.Kc3 Nd4 33.Rf1 Bf5 34.Bxf5 Rxg2 35.Bg4 Ra8 36.
Rb1 Ra3+ 37.Kb4 Rga2 38.Nf6 Ra4+ 39.Kc3 Rc2+ 40.Kd3 Ra3+ 0-1

[Event "Prebor mesta Vsetina 2018"]
[Site "?"]
[Date "2018.07.09"]
[Round "7.10"]
[White "Gnojek, Petr"]
[Black "Laurincova, Kristyna"]
[Result "1-0"]
[WhiteElo "1962"]
[BlackElo "1944"]
[PlyCount "127"]
[EventDate "2018.??.??"]

1.d4 Nf6 2.c4 c5 3.d5 b5 4.cxb5 a6 5.bxa6 g6 6.Nc3 Bxa6 7.e4 Bxf1 8.Kxf1 d6 9.
Nf3 Nbd7 10.g3 Bg7 11.Kg2 O-O 12.Qe2 Qa5 13.Bg5 Rfb8 14.Rhb1 h6 15.Bd2 Ne8 16.
a4 Nc7 17.Nb5 Qa6 18.Qf1 Nxb5 19.axb5 Qb7 20.Rxa8 Rxa8 21.b4 Ra3 22.bxc5 dxc5
23.Qc1 Rd3 24.Bxh6 e6 25.Bxg7 Kxg7 26.Qc2 c4 27.Qxc4 Rxf3 28.Qc6 Qa7 29.b6
Rxf2+ 30.Kxf2 Qa2+ 31.Ke3 Qxb1 32.Qxd7 Qxb6+ 33.Kf3 Qb3+ 34.Kf4 g5+ 35.Kg4 Qe3
36.dxe6 Qxe4+ 37.Kxg5 Qe5+ 38.Kg4 Qe4+ 39.Kh3 Qf5+ 40.Kg2 Qe4+ 41.Kf2 Qf5+ 42.
Ke3 Qe5+ 43.Kd3 Qf5+ 44.Kc3 Qc5+ 45.Kb3 Qe3+ 46.Ka4 Qe4+ 47.Ka5 Qe5+ 48.Kb6
Qe3+ 49.Kc7 Qe5+ 50.Qd6 Qa5+ 51.Qb6 Qe5+ 52.Kd7 Qd5+ 53.Ke7 Qg5+ 54.Ke8 Qf6
55.exf7 Qxf7+ 56.Kd8 Qf8+ 57.Kc7 Qe7+ 58.Kc8 Qf8+ 59.Qd8 Qf2 60.Qg5+ Kh8 61.
Qe5+ Kg8 62.h4 Qc2+ 63.Kd8 Qd1+ 64.Ke7 1-0

[Event "Prebor mesta Vsetina 2018"]
[Site "?"]
[Date "2018.07.09"]
[Round "7.11"]
[White "Kovarik, Matyas"]
[Black "Horak, Martin"]
[Result "0-1"]
[WhiteElo "1860"]
[BlackElo "2284"]
[PlyCount "72"]
[EventDate "2018.??.??"]

1.e4 c5 2.Nf3 a6 3.Nc3 Nc6 4.d4 cxd4 5.Nxd4 e5 6.Nf5 d6 7.Ne3 Be6 8.Ned5 Nf6
9.Bg5 Be7 10.Nxe7 Nxe7 11.f4 Rc8 12.Qf3 Qb6 13.fxe5 Bg4 14.Qg3 dxe5 15.Bxf6
gxf6 16.Bb5+ axb5 17.Qxg4 Qe3+ 18.Qe2 Qxe2+ 19.Kxe2 b4 20.Nb5 Rxc2+ 21.Kf3 Nc6
22.Nd6+ Kd7 23.Nf5 Kc7 24.Rhd1 Rxb2 25.h4 Ra8 26.g3 Raxa2 27.Rxa2 Rxa2 28.Rb1
Ra8 29.Ke3 Ra3+ 30.Kf2 Kb6 31.Nd6 Kc5 32.Nxb7+ Kd4 33.Nd6 Kd3 34.Rc1 Nd4 35.
Rc4 Ra2+ 36.Kf1 b3 0-1

[Event "Prebor mesta Vsetina 2018"]
[Site "?"]
[Date "2018.07.09"]
[Round "7.12"]
[White "Vojta, Jakub"]
[Black "Travnicek, Krystof Mikulas"]
[Result "1/2-1/2"]
[WhiteElo "2124"]
[BlackElo "1844"]
[PlyCount "40"]
[EventDate "2018.??.??"]

1.e4 c6 2.d4 d5 3.e5 c5 4.dxc5 Nc6 5.Bb5 e6 6.Be3 Ne7 7.Nf3 Bd7 8.Bxc6 Nxc6 9.
c3 Qc7 10.Bd4 Nxd4 11.cxd4 b6 12.b4 a5 13.b5 Bxb5 14.Qb3 Bc4 15.Qxb6 Qxb6 16.
cxb6 Rb8 17.Nbd2 Ba6 18.Rb1 Bb4 19.Kd1 Kd7 20.Re1 Bd3 1/2-1/2

[Event "Prebor mesta Vsetina 2018"]
[Site "?"]
[Date "2018.07.09"]
[Round "7.13"]
[White "Vraj, Karel"]
[Black "Frank, Adam"]
[Result "0-1"]
[WhiteElo "1942"]
[BlackElo "1984"]
[PlyCount "60"]
[EventDate "2018.??.??"]

1.e4 e5 2.Nf3 Nc6 3.d4 exd4 4.Nxd4 Nf6 5.Bg5 h6 6.Bh4 Be7 7.Nc3 O-O 8.Nf5 d5
9.Nxe7+ Qxe7 10.Bxf6 Qxf6 11.Nxd5 Qe5 12.Bd3 f5 13.f4 Qxb2 14.Rb1 Qxa2 15.O-O
fxe4 16.Bxe4 Bf5 17.Nc3 Qa3 18.Qd5+ Kh8 19.Rxb7 Qxc3 20.Bxf5 Ne7 21.Qd7 Nxf5
22.Qxc7 Qe3+ 23.Kh1 Qe2 24.Ra1 Rad8 25.h3 Rd2 26.Rg1 Rxc2 27.Qd7 a5 28.Rb5 Rd2
29.Qc6 Ne7 30.Qc5 Rd5 0-1

[Event "Prebor mesta Vsetina 2018"]
[Site "?"]
[Date "2018.07.09"]
[Round "7.14"]
[White "Bosak, Jan"]
[Black "Vantuch, Lucian"]
[Result "1/2-1/2"]
[WhiteElo "2119"]
[BlackElo "1954"]
[PlyCount "38"]
[EventDate "2018.??.??"]

1.c4 e5 2.Nc3 Nc6 3.Nf3 Nf6 4.e3 Bb4 5.Qc2 Bxc3 6.Qxc3 Qe7 7.a3 O-O 8.b4 d5 9.
d4 e4 10.Ne5 Nxe5 11.dxe5 Ng4 12.Bb2 dxc4 13.Bxc4 Re8 14.Bd5 Qxe5 15.O-O-O
Qxc3+ 16.Bxc3 c6 17.h3 cxd5 18.hxg4 Bxg4 19.Rxd5 h5 1/2-1/2

[Event "Prebor mesta Vsetina 2018"]
[Site "?"]
[Date "2018.07.09"]
[Round "7.15"]
[White "Pycha, Patrik"]
[Black "Vraj, Ondrej"]
[Result "1/2-1/2"]
[WhiteElo "2097"]
[BlackElo "1891"]
[PlyCount "112"]
[EventDate "2018.??.??"]

1.e4 c6 2.d4 d5 3.f3 Qc7 4.Nc3 e6 5.Bd3 Nf6 6.e5 Nfd7 7.Nce2 c5 8.c3 Nc6 9.f4
Qb6 10.Nf3 cxd4 11.cxd4 Bb4+ 12.Bd2 Bxd2+ 13.Qxd2 Qb4 14.a3 Qxd2+ 15.Nxd2 b6
16.b4 Bb7 17.O-O O-O 18.f5 Rfe8 19.Nf3 Nf8 20.Nf4 exf5 21.Bxf5 Ne7 22.Bd3 Neg6
23.Ng5 Re7 24.Nxg6 hxg6 25.Rf2 Rc8 26.Raf1 Rc3 27.Be2 Rcc7 28.h4 Nh7 29.Nxh7
Kxh7 30.h5 gxh5 31.Bxh5 g6 32.Be2 Kg7 33.Rf6 Rc3 34.a4 Rb3 35.Bg4 Rxb4 36.e6
fxe6 37.Bxe6 Rb1 38.Rxg6+ Kxg6 39.Bf5+ Kg7 40.Bxb1 Ba6 41.Rc1 Bc4 42.Kh2 Re3
43.Rd1 a6 44.Rd2 Ra3 45.Rb2 Rb3 46.Rxb3 Bxb3 47.Bd3 Bxa4 48.Bxa6 b5 49.Bb7 Bb3
50.Kg3 b4 51.Kf4 Bc4 52.Ke3 b3 53.Kd2 Kf6 54.Kc3 Kg5 55.Bc8 Kf4 56.g4 Kg5
1/2-1/2

[Event "Prebor mesta Vsetina 2018"]
[Site "?"]
[Date "2018.07.09"]
[Round "7.16"]
[White "Yanjinlkham, Baiarsaikhan"]
[Black "Zavodny, Jaroslav"]
[Result "1-0"]
[WhiteElo "1984"]
[BlackElo "1773"]
[PlyCount "71"]
[EventDate "2018.??.??"]

1.d4 d6 2.Nf3 g6 3.g3 Bg7 4.Bg2 c6 5.O-O Nf6 6.c4 O-O 7.Nc3 d5 8.cxd5 cxd5 9.
Bf4 Nc6 10.Rc1 Qb6 11.Na4 Qa6 12.a3 Ne4 13.Nc5 Nxc5 14.Rxc5 e6 15.Qd2 Re8 16.
Rfc1 f6 17.Bf1 Qb6 18.b4 e5 19.dxe5 fxe5 20.Bh6 Be6 21.Bxg7 Kxg7 22.e3 Rad8
23.Ng5 d4 24.Bb5 dxe3 25.Qxe3 Bd5 26.a4 a6 27.Bxc6 bxc6 28.b5 axb5 29.axb5 Rd6
30.bxc6 Bxc6 31.Qc3 Bd7 32.Rxe5 Rf6 33.Ne4 Ref8 34.Nxf6 Rxf6 35.Re7+ Kf8 36.
Rxd7 1-0

[Event "Prebor mesta Vsetina 2018"]
[Site "?"]
[Date "2018.07.09"]
[Round "7.17"]
[White "Zadrapa, Radek"]
[Black "Zgarba, Radek"]
[Result "1-0"]
[WhiteElo "2054"]
[BlackElo "1936"]
[PlyCount "49"]
[EventDate "2018.??.??"]

1.e4 c5 2.Nf3 g6 3.d4 Bg7 4.Nc3 Nc6 5.Be3 cxd4 6.Nxd4 d6 7.Qd2 Nf6 8.f3 O-O 9.
O-O-O Nxd4 10.Bxd4 Be6 11.Kb1 Rc8 12.g4 a6 13.h4 h5 14.Nd5 Bxd5 15.exd5 hxg4
16.h5 gxh5 17.Bd3 e6 18.fxg4 h4 19.dxe6 fxe6 20.g5 Nd5 21.Bxg7 Kxg7 22.Rxh4
Rh8 23.Rdh1 Rxh4 24.Rxh4 Qb6 25.Qh2 1-0

[Event "Prebor mesta Vsetina 2018"]
[Site "?"]
[Date "2018.07.09"]
[Round "7.18"]
[White "Hiebert, Kenji"]
[Black "Peterka, Josef"]
[Result "1-0"]
[WhiteElo "1969"]
[BlackElo "1820"]
[PlyCount "83"]
[EventDate "2018.??.??"]

1.Nf3 d5 2.d4 e6 3.c4 c6 4.e3 Bd6 5.Nc3 Nd7 6.e4 dxe4 7.Nxe4 Bb4+ 8.Bd2 Bxd2+
9.Qxd2 Nb6 10.Qf4 Nf6 11.Nd6+ Ke7 12.Ne4 Nxe4 13.Qxe4 Nd7 14.Bd3 Qa5+ 15.Nd2
Nf6 16.Qe3 Rd8 17.O-O Qh5 18.h3 b6 19.Ne4 Nxe4 20.Bxe4 Bb7 21.Rfd1 Rd7 22.Rd2
Rad8 23.Rad1 Ba8 24.Bf3 Qf5 25.Be4 Qh5 26.b4 h6 27.f4 Kf8 28.Qf2 f6 29.g4 Qxh3
30.Bf3 h5 31.gxh5 Qf5 32.Qg3 Qh7 33.Qg2 Qf5 34.Qg3 g5 35.hxg6 Rg7 36.Rg2 Ke7
37.Re1 Rxd4 38.Bg4 Qxf4 39.Rxe6+ Kd8 40.Qe1 Kc7 41.Re7+ Kd8 42.Rxg7 1-0

[Event "Prebor mesta Vsetina 2018"]
[Site "?"]
[Date "2018.07.09"]
[Round "7.19"]
[White "Hrabovsky, Vladimir"]
[Black "Nytra, Ondrej"]
[Result "1/2-1/2"]
[WhiteElo "1984"]
[BlackElo "1845"]
[PlyCount "50"]
[EventDate "2018.??.??"]

1.Nf3 d5 2.g3 c5 3.Bg2 Nc6 4.O-O e5 5.d3 Nf6 6.Nbd2 Be7 7.e4 dxe4 8.Nxe4 Nxe4
9.dxe4 Be6 10.Qxd8+ Rxd8 11.Be3 f6 12.Rfd1 Kf7 13.c3 b5 14.Nd2 a5 15.f3 b4 16.
Bf1 Rb8 17.Nb3 Bxb3 18.axb3 Rhd8 19.Bc4+ Ke8 20.Bd5 Kd7 21.Kf2 Kc7 22.Ke2 Kb6
23.Bxc6 Kxc6 24.c4 Rxd1 25.Rxd1 g5 1/2-1/2

[Event "Prebor mesta Vsetina 2018"]
[Site "?"]
[Date "2018.07.09"]
[Round "7.20"]
[White "Brousek, Jiri"]
[Black "Foukal, Jiri"]
[Result "1/2-1/2"]
[WhiteElo "1929"]
[BlackElo "1856"]
[PlyCount "24"]
[EventDate "2018.??.??"]

1.d4 d5 2.Nf3 Bf5 3.e3 Nf6 4.c4 e6 5.Nc3 c5 6.Bd3 Bxd3 7.Qxd3 Nc6 8.a3 cxd4 9.
Nxd4 a6 10.O-O Bd6 11.cxd5 exd5 12.Nxc6 bxc6 1/2-1/2

[Event "Prebor mesta Vsetina 2018"]
[Site "?"]
[Date "2018.07.09"]
[Round "7.21"]
[White "Gratze, Michael"]
[Black "Matus, Filip"]
[Result "1-0"]
[WhiteElo "1890"]
[BlackElo "1766"]
[PlyCount "157"]
[EventDate "2018.??.??"]

1.e4 e6 2.d3 d5 3.Nd2 Nf6 4.Ngf3 Be7 5.g3 O-O 6.Bg2 c5 7.O-O Nc6 8.e5 Nd7 9.
Re1 Qc7 10.Qe2 Rb8 11.h4 b5 12.Nf1 c4 13.d4 b4 14.Bf4 Qb6 15.Qe3 a5 16.h5 Ba6
17.N1h2 b3 18.c3 bxa2 19.Rxa2 Bb5 20.Ng4 Rb7 21.Bg5 Bxg5 22.Qxg5 Kh8 23.h6 g6
24.Nf6 Qd8 25.Qf4 a4 26.Ng5 Nxf6 27.exf6 Nb8 28.Rxe6 fxe6 29.Nxe6 Qxf6 30.Nxf8
Qxf4 31.gxf4 Bc6 32.Ne6 Re7 33.Nd8 Be8 34.Bxd5 Rd7 35.Nc6 Rxd5 36.Nxb8 Rd6 37.
d5 Rxd5 38.Na6 Rh5 39.Ra1 Bc6 40.f3 Rxh6 41.Kg2 Rh5 42.Nb4 Be8 43.Re1 Bf7 44.
Re7 Kg8 45.Ra7 Rf5 46.Kg3 h5 47.Nc6 Rf6 48.Ne5 Bd5 49.Rxa4 Rb6 50.Nxc4 Bxc4
51.Rxc4 Rxb2 52.Rc7 Rb5 53.c4 Rf5 54.c5 Rd5 55.c6 Rc5 56.Kh4 Kf8 57.f5 gxf5
58.Kxh5 Ke8 59.f4 Kd8 60.Rd7+ Kc8 61.Rd6 Kc7 62.Rf6 Rc4 63.Kg5 Rc5 64.Rxf5
Rxc6 65.Rd5 Rc1 66.f5 Rg1+ 67.Kf6 Rf1 68.Kg6 Rg1+ 69.Kf7 Rf1 70.f6 Kc6 71.Rd2
Re1 72.Kg7 Rg1+ 73.Kf8 Rg3 74.f7 Rg1 75.Rd4 Rg2 76.Ke7 Re2+ 77.Kf6 Rf2+ 78.Ke6
Re2+ 79.Kf5 1-0

[Event "Prebor mesta Vsetina 2018"]
[Site "?"]
[Date "2018.07.10"]
[Round "8.1"]
[White "Kapusta, Petr"]
[Black "Vojta, Tomas"]
[Result "1/2-1/2"]
[WhiteElo "2179"]
[BlackElo "2350"]
[PlyCount "86"]

1.e4 c6 2.d4 d5 3.Nc3 dxe4 4.Nxe4 Nf6 5.Nxf6+ exf6 6.Bc4 Qe7+ 7.Qe2 Be6 8.Bxe6
Qxe6 9.Bf4 Na6 10.c3 O-O-O 11.Qxe6+ fxe6 12.Nf3 g5 13.Bg3 h5 14.h3 c5 15.O-O-O
h4 16.Bh2 cxd4 17.Nxd4 e5 18.Nf5 Bc5 19.b4 Rxd1+ 20.Rxd1 Bf8 21.f3 Nc7 22.Bg1
b6 23.Kc2 Rh7 24.Nd6+ Bxd6 25.Rxd6 Ne8 26.Rd1 Kc7 27.a4 Nd6 28.a5 bxa5 29.Bxa7
Kc6 30.Bc5 Nb7 31.Be3 Re7 32.Ra1 axb4 33.Ra6+ Kd5 34.cxb4 f5 35.Bxg5 Rg7 36.
Bxh4 Rxg2+ 37.Kd3 Rh2 38.Be7 e4+ 39.fxe4+ fxe4+ 40.Ke3 Rxh3+ 41.Ke2 Rh7 42.Bf8
Kd4 43.Bh6 Kc4 1/2-1/2

[Event "Prebor mesta Vsetina 2018"]
[Site "?"]
[Date "2018.07.10"]
[Round "8.2"]
[White "Jasny, Stanislav"]
[Black "Weinzettl, Ernst"]
[Result "1/2-1/2"]
[WhiteElo "2383"]
[BlackElo "2213"]
[PlyCount "78"]

1.f4 d5 2.Nf3 Nf6 3.g3 g6 4.d3 c6 5.Bg2 Bg7 6.c3 O-O 7.O-O Nbd7 8.e3 Re8 9.d4
Ne4 10.Nbd2 f5 11.c4 e6 12.Nxe4 fxe4 13.Ne5 Nxe5 14.fxe5 Rf8 15.Rxf8+ Bxf8 16.
Qb3 Qa5 17.Qc3 Bb4 18.Qc2 Bd7 19.a3 Rf8 20.Qd1 Be1 21.Ra2 dxc4 22.Bxe4 c5 23.
b3 cxb3 24.Re2 Bc3 25.Qxb3 cxd4 26.exd4 Bxd4+ 27.Kg2 Qxe5 28.Qxb7 Qb5 29.Qxb5
Bxb5 30.Rc2 Bf1+ 31.Kh1 Bh3 32.Bg2 Bxg2+ 33.Kxg2 e5 34.Bh6 Re8 35.Rc7 e4 36.
Rd7 Bb6 37.Kf1 e3 38.Ke2 Rc8 39.Bxe3 Re8 1/2-1/2

[Event "Prebor mesta Vsetina 2018"]
[Site "?"]
[Date "2018.07.10"]
[Round "8.3"]
[White "Sosna, Jan"]
[Black "Kersten, Julian"]
[Result "1-0"]
[WhiteElo "2349"]
[BlackElo "1979"]
[PlyCount "89"]

1.d4 Nf6 2.Nf3 g6 3.Bg5 Bg7 4.Nbd2 O-O 5.e3 d6 6.Bc4 c5 7.c3 Nc6 8.O-O b6 9.
Re1 Bb7 10.Bh4 Qc7 11.Qe2 e5 12.dxe5 dxe5 13.Bxf6 Bxf6 14.Bd5 Ne7 15.Bxb7 Qxb7
16.e4 Rfd8 17.Nc4 Qc7 18.Rad1 h5 19.a4 Rab8 20.Ne3 Qc6 21.Qc4 Rxd1 22.Rxd1 b5
23.axb5 Qxb5 24.Qxb5 Rxb5 25.Nc4 Nc6 26.Kf1 Na5 27.Nfd2 Nc6 28.Nb1 Be7 29.Rd7
Na5 30.Nxa5 Rxa5 31.Na3 Kf8 32.Ke2 f6 33.Kd3 Kf7 34.Rb7 Ra6 35.Nc2 Ke6 36.Ne3
Rd6+ 37.Nd5 Rd7 38.Rxd7 Kxd7 39.Nxe7 Kxe7 40.Kc4 Kd6 41.Kb5 f5 42.f3 fxe4 43.
fxe4 h4 44.h3 g5 45.b3 1-0

[Event "Prebor mesta Vsetina 2018"]
[Site "?"]
[Date "2018.07.10"]
[Round "8.4"]
[White "Engert, Marvin"]
[Black "Mudrak, Josef"]
[Result "0-1"]
[WhiteElo "2005"]
[BlackElo "2264"]
[PlyCount "74"]

1.e4 g6 2.Nc3 Bg7 3.b3 e5 4.Bb2 Nc6 5.Qf3 Nd4 6.Qd3 Ne7 7.O-O-O d5 8.f3 c6 9.
Nge2 Nxe2+ 10.Nxe2 O-O 11.Qe3 a5 12.h4 h6 13.g4 a4 14.Bh3 d4 15.Qf2 axb3 16.
axb3 d3 17.Nc3 b6 18.g5 h5 19.Bxc8 Nxc8 20.f4 exf4 21.Qxf4 Ra5 22.Rh3 dxc2 23.
Kxc2 Qd7 24.Rf3 Qe6 25.d4 Ne7 26.Qg3 Kh7 27.Qf2 f5 28.b4 Raa8 29.d5 cxd5 30.
exd5 Qd6 31.Nb5 Qxb4 32.Rb3 Rfc8+ 33.Nc3 Qe4+ 34.Kd2 Bxc3+ 35.Rxc3 Rxc3 36.
Kxc3 Rc8+ 37.Kb3 Qc4+ 0-1

[Event "Prebor mesta Vsetina 2018"]
[Site "?"]
[Date "2018.07.10"]
[Round "8.5"]
[White "Gnojek, Petr"]
[Black "Koziol, Kamil"]
[Result "0-1"]
[WhiteElo "1962"]
[BlackElo "2257"]
[PlyCount "56"]

1.d4 Nf6 2.c4 e6 3.Nf3 c5 4.d5 b5 5.dxe6 fxe6 6.cxb5 d5 7.Bg5 Be7 8.e3 O-O 9.
Be2 Nbd7 10.Nc3 Bb7 11.O-O Qc7 12.Qb3 Bd6 13.Rfd1 Rae8 14.Bh4 Kh8 15.Bg3 e5
16.Rac1 Qb8 17.b6 axb6 18.Nb5 Ne4 19.Rxd5 Bxd5 20.Qxd5 Ndf6 21.Qb3 Nxg3 22.
hxg3 e4 23.Ng5 Bxg3 24.fxg3 Qxg3 25.Nh3 Nd5 26.Bf1 Nxe3 27.Nd6 Rxf1+ 28.Rxf1
Qxg2# 0-1

[Event "Prebor mesta Vsetina 2018"]
[Site "?"]
[Date "2018.07.10"]
[Round "8.6"]
[White "Jin, Yueheng"]
[Black "Mulenko, Alexander"]
[Result "1/2-1/2"]
[WhiteElo "1713"]
[BlackElo "2109"]
[PlyCount "88"]

1.d4 Nf6 2.c4 e6 3.Nf3 b6 4.g3 Ba6 5.Qc2 Bb7 6.Bg2 c5 7.dxc5 Bxc5 8.Nc3 Nc6 9.
O-O O-O 10.b3 d5 11.cxd5 Nb4 12.Qd1 Nbxd5 13.Nxd5 Qxd5 14.Bb2 Rfd8 15.Qxd5
Bxd5 16.Rfd1 Kf8 17.e3 Rac8 18.Rac1 Be7 19.Nd4 Bxg2 20.Kxg2 Nd5 21.Kf1 Bf6 22.
Ba3+ Be7 23.Bxe7+ Kxe7 24.a3 a6 25.Ke1 Ke8 26.Ne2 Ne7 27.Rxd8+ Kxd8 28.Rxc8+
Kxc8 29.Kd2 Kd7 30.Kd3 Kd6 31.e4 f6 32.f4 Nc6 33.Nd4 Nxd4 34.Kxd4 e5+ 35.fxe5+
fxe5+ 36.Kc4 g5 37.g4 Kc6 38.Kb4 a5+ 39.Kc4 b5+ 40.Kc3 Kc5 41.b4+ axb4+ 42.
axb4+ Kd6 43.Kd3 Ke6 44.Ke3 Kf6 1/2-1/2

[Event "Prebor mesta Vsetina 2018"]
[Site "?"]
[Date "2018.07.10"]
[Round "8.7"]
[White "Horak, Martin"]
[Black "Frank, Adam"]
[Result "1-0"]
[WhiteElo "2284"]
[BlackElo "1984"]
[PlyCount "89"]

1.Nf3 f5 2.d3 Nf6 3.e4 fxe4 4.dxe4 Nxe4 5.Bd3 Nf6 6.Ng5 c6 7.O-O d6 8.Bxh7
Nxh7 9.Qh5+ Kd7 10.Nxh7 Kc7 11.Qg6 Nd7 12.Bf4 Nf6 13.Nxf6 gxf6 14.c4 e5 15.Bg3
Be6 16.c5 Rg8 17.cxd6+ Bxd6 18.Qc2 f5 19.Re1 Qf6 20.Nc3 f4 21.Rad1 Be7 22.Rd5
Bf5 23.Qe2 Bd6 24.Rc1 Rad8 25.Nb5+ Kb8 26.Rxd6 Rxd6 27.Nxd6 Qxd6 28.Bh4 e4 29.
g3 f3 30.Qe3 Qg6 31.Qf4+ Ka8 32.Rd1 Qe6 33.b3 Rb8 34.Rd6 Qf7 35.h3 a6 36.g4
Bg6 37.Qxf7 Bxf7 38.Rd8 b5 39.Kh2 Rxd8 40.Bxd8 c5 41.Kg3 c4 42.bxc4 bxc4 43.
Bf6 Kb7 44.Kf4 Bd5 45.h4 1-0

[Event "Prebor mesta Vsetina 2018"]
[Site "?"]
[Date "2018.07.10"]
[Round "8.8"]
[White "Belunek, Vladimir"]
[Black "Mostek, Jan"]
[Result "1-0"]
[WhiteElo "2212"]
[BlackElo "1810"]
[PlyCount "45"]

1.d4 Nf6 2.Bg5 d5 3.e3 g6 4.Bxf6 exf6 5.c4 Bg7 6.Nc3 dxc4 7.Bxc4 O-O 8.Nge2 c5
9.d5 a6 10.a4 Nd7 11.O-O Ne5 12.b3 f5 13.h3 b6 14.f4 Nd7 15.Qd3 Nf6 16.Rad1
Qd6 17.Ng3 Re8 18.e4 fxe4 19.Ncxe4 Nxe4 20.Nxe4 Qe7 21.d6 Qh4 22.Bxf7+ Kf8 23.
Bxe8 1-0